LIBRARY ONLINE CATALOGUE

Maintaining small-farm equipment : (Record no. 19942)

MARC details
000 -LEADER
fixed length control field 01344cam a2200361 i 4500
001 - CONTROL NUMBER
control field 18622090
003 - CONTROL NUMBER IDENTIFIER
control field OSt
005 - DATE AND TIME OF LATEST TRANSACTION
control field 20230206171301.0
008 - FIXED-LENGTH DATA ELEMENTS--GENERAL INFORMATION
fixed length control field 150515s2015 maua b 001 0 eng
010 ## - LIBRARY OF CONGRESS CONTROL NUMBER
LC control number 2015019023
020 ## - INTERNATIONAL STANDARD BOOK NUMBER
International Standard Book Number 9781612125275 (pbk. : alk. paper)
035 ## - SYSTEM CONTROL NUMBER
System control number (DNAL)1317245
040 ## - CATALOGING SOURCE
Original cataloging agency DNAL/DLC
Language of cataloging eng
Transcribing agency DNAL
Description conventions rda
Modifying agency DLC
042 ## - AUTHENTICATION CODE
Authentication code pcc
050 00 - LIBRARY OF CONGRESS CALL NUMBER
Classification number S675.5
Item number .H36 2015
100 1# - MAIN ENTRY--PERSONAL NAME
Personal name Hansen, Steve,
245 10 - TITLE STATEMENT
Title Maintaining small-farm equipment :
Remainder of title how to keep tractors and implements running well /
Statement of responsibility, etc. Steve & Ann Larkin Hansen.
246 30 - VARYING FORM OF TITLE
Title proper/short title How to keep tractors and implements running well
264 #1 - PRODUCTION, PUBLICATION, DISTRIBUTION, MANUFACTURE, AND COPYRIGHT NOTICE
Place of production, publication, distribution, manufacture North Adams, MA :
Name of producer, publisher, distributor, manufacturer Storey Publishing,
Date of production, publication, distribution, manufacture, or copyright notice 2015
300 ## - PHYSICAL DESCRIPTION
Extent 108 p.
Other physical details ill.
336 ## - CONTENT TYPE
Content type term text
Source rdacontent
337 ## - MEDIA TYPE
Media type term unmediated
Source rdamedia
338 ## - CARRIER TYPE
Carrier type term volume
Source rdacarrier
490 0# - SERIES STATEMENT
Series statement Storey basics
504 ## - BIBLIOGRAPHY, ETC. NOTE
Bibliography, etc Includes bibliographical references and index.
650 #0 - SUBJECT ADDED ENTRY--TOPICAL TERM
Topical term or geographic name as entry element Farm equipment
General subdivision Maintenance and repair.
650 #0 - SUBJECT ADDED ENTRY--TOPICAL TERM
Topical term or geographic name as entry element Tractors
General subdivision Maintenance and repair.
650 #0 - SUBJECT ADDED ENTRY--TOPICAL TERM
Topical term or geographic name as entry element Agricultural implements
General subdivision Maintenance and repair.
700 1# - ADDED ENTRY--PERSONAL NAME
Personal name Hansen, Ann Larkin,
Relator term author.
906 ## - LOCAL DATA ELEMENT F, LDF (RLIN)
a 7
b cbc
c orignew
d 1
e ecip
f 20
g y-gencatlg
942 ## - ADDED ENTRY ELEMENTS (KOHA)
Source of classification or shelving scheme Library of Congress Classification
Koha item type General Collection
Holdings
Withdrawn status Lost status Source of classification or shelving scheme Not for loan Home library Current library Date acquired Cost, normal purchase price Total Checkouts Full call number Barcode Date last seen Price effective from Koha item type
    Library of Congress Classification   Kabarak, Main Campus Kabarak, Main Campus 06/02/2023 2524.00   S675.5 .H36 2015 c.1 34758 06/02/2023 06/02/2023 General Collection
    Library of Congress Classification   Kabarak, Main Campus Kabarak, Main Campus 06/02/2023 2524.00   S675.5 .H36 2015 c.2 34759 06/02/2023 06/02/2023 General Collection
    Library of Congress Classification   Kabarak, Main Campus Kabarak, Main Campus 06/02/2023 2524.00   S675.5 .H36 2015 c.3 34760 06/02/2023 06/02/2023 General Collection